[Event "Guimaraes 2nd"]
[Site "Guimaraes"]
[Date "2018.10.05"]
[Round "2"]
[White "Gawle, Ireneusz"]
[Black "Medarde Santiago, Luis Marcos"]
[Result "0-1"]
[WhiteElo "1800"]
[BlackElo "2384"]
[PlyCount "86"]
[EventDate "2018.10.04"]
[EventType "swiss"]
[EventRounds "7"]
[EventCountry "POR"]
[SourceTitle "CBM 186 Extra"]
[Source "ChessBase"]
[SourceDate "2018.08.24"]
[SourceVersion "1"]
[SourceVersionDate "2018.08.24"]
[SourceQuality "1"]

1. e4 c5 2. c3 Nf6 3. e5 Nd5 4. d4 cxd4 5. Nf3 e6 6. cxd4 b6 7. Bd3 Ba6 8. 0-0 Bxd3 9. Qxd3 Be7 10. Nc3 Nxc3 11. bxc3 d5 12. exd6 Qxd6 13. Ne5 0-0 14. Bf4 Qd5 15. c4 Qb7 16. Rfe1 Nd7 17. Rad1 Rfd8 18. Qh3 Nf8 19. d5 exd5 20. Qf3 Bb4 21. Bd2 Bxd2 22. Rxd2 Re8 23. cxd5 Rac8 24. Nd3 Ng6 25. Rxe8+ Rxe8 26. h3 Qc7 27. g3 Qd6 28. Kg2 Rd8 29. Nf4 Nxf4+ 30. Qxf4 Qxf4 31. gxf4 Kf8 32. Kf3 Ke7 33. Ke4 Rc8 34. Kd4 Kd6 35. a4 Rc5 36. Ke4 Rc4+ 37. Rd4 Rxd4+ 38. Kxd4 f5 39. h4 g6 40. Kc4 a6 41. f3 h6 42. Kd4 b5 43. axb5 axb5 0-1

[Event "Guimaraes 2nd"]
[Site "Guimaraes"]
[Date "2018.10.05"]
[Round "3"]
[White "Pinheiro, Paulo Adelio"]
[Black "Gawle, Ireneusz"]
[Result "0-1"]
[WhiteElo "1410"]
[BlackElo "1800"]
[PlyCount "42"]
[EventDate "2018.10.04"]
[EventType "swiss"]
[EventRounds "7"]
[EventCountry "POR"]
[SourceTitle "CBM 186 Extra"]
[Source "ChessBase"]
[SourceDate "2018.08.24"]
[SourceVersion "1"]
[SourceVersionDate "2018.08.24"]
[SourceQuality "1"]

1. e4 e5 2. Bc4 Nf6 3. d4 exd4 4. Nf3 Nc6 5. Bg5 h6 6. e5 hxg5 7. Nxg5 Nxe5 8. Qxd4 Nxc4 9. Qxc4 d5 10. Qb3 Bd6 11. h3 Ng4 12. Nf3 Qe7+ 13. Kf1 c6 14. Nbd2 Be6 15. Re1 0-0-0 16. c4 Qc7 17. Nd4 dxc4 18. Nxc4 Bxc4+ 19. Qxc4 Nxf2 20. Kxf2 Bg3+ 21. Kf1 Qf4+ 0-1

[Event "Calvia Amateur op 13th"]
[Site "Calvia"]
[Date "2016.10.08"]
[Round "1"]
[White "Hristodorescu, Daniel"]
[Black "Gawle, Ireneusz"]
[Result "1-0"]
[WhiteElo "2229"]
[BlackElo "1846"]
[PlyCount "55"]
[EventDate "2016.10.08"]
[EventType "swiss"]
[EventRounds "9"]
[EventCountry "ESP"]
[SourceTitle "CBM 175 Extra"]
[Source "ChessBase"]
[SourceDate "2016.12.12"]
[SourceVersion "1"]
[SourceVersionDate "2016.12.12"]
[SourceQuality "1"]

1. e4 e5 2. Nf3 Nc6 3. Bb5 Nge7 4. 0-0 g6 5. d4 exd4 6. c3 dxc3 7. Nxc3 Bg7 8. Bg5 h6 9. Bh4 g5 10. Bg3 0-0 11. h4 g4 12. Nh2 h5 13. Nd5 Nxd5 14. Qxd5 d6 15. Qxh5 Qe7 16. Nxg4 Bxg4 17. Qxg4 Ne5 18. Qe2 c6 19. Ba4 Qd7 20. Rad1 Rad8 21. Bxe5 Bxe5 22. f4 Bg7 23. f5 Qe7 24. Qg4 Qf6 25. Rd3 Kh7 26. Qh5+ Bh6 27. Bb3 Rd7 28. g4 1-0

[Event "POL-ch Amateur"]
[Site "Wroclaw"]
[Date "2012.06.22"]
[Round "1"]
[White "Gawle, Ireneusz"]
[Black "Drgas, Marlena"]
[Result "1/2-1/2"]
[WhiteElo "1921"]
[BlackElo "1478"]
[PlyCount "37"]
[EventDate "2012.06.22"]
[EventType "swiss"]
[EventRounds "7"]
[EventCountry "POL"]
[SourceTitle "EXT 2013"]
[Source "ChessBase"]
[SourceDate "2012.11.22"]
[SourceVersion "1"]
[SourceVersionDate "2012.11.22"]
[SourceQuality "1"]

1. e4 c6 2. d4 d5 3. exd5 cxd5 4. c4 e6 5. Nf3 Nf6 6. Nc3 a6 7. cxd5 Nxd5 8. Bd3 Nc6 9. 0-0 Be7 10. Re1 0-0 11. h4 Bxh4 12. Nxh4 Qxh4 13. Re4 Qf6 14. Rg4 Nxc3 15. bxc3 e5 16. Bg5 Bxg4 17. Qxg4 Qd6 18. d5 Ne7 19. Bxh7+ 1/2-1/2

[Event "Lippe Cup-A 07th"]
[Site "Lieme"]
[Date "2010.10.16"]
[Round "3"]
[White "Henkemeier, Markus"]
[Black "Gawle, Ireneusz"]
[Result "1-0"]
[WhiteElo "1838"]
[BlackElo "1944"]
[PlyCount "49"]
[EventDate "2010.10.15"]
[EventType "swiss"]
[EventRounds "5"]
[EventCountry "GER"]
[SourceTitle "CBM 138 Extra"]
[Source "ChessBase"]
[SourceDate "2010.10.29"]
[SourceVersion "1"]
[SourceVersionDate "2010.10.29"]
[SourceQuality "1"]

1. e4 e5 2. Bc4 Nf6 3. d3 Be7 4. Nc3 d6 5. f4 Bg4 6. Nf3 Nc6 7. 0-0 Nd4 8. fxe5 Bxf3 9. gxf3 dxe5 10. f4 Bc5 11. Kh1 Nd7 12. fxe5 Nxe5 13. Qh5 Qe7 14. Bg5 Qd7 15. Bh6 Nxc4 16. Bxg7 Rg8 17. dxc4 Rxg7 18. Qxc5 Qg4 19. Rf2 Nf3 20. Re2 0-0-0 21. Nb5 f5 22. Qxa7 Rd4 23. Nd6+ Rxd6 24. exf5 Nd4 25. Qa8+ 1-0

[Event "Vlissingen HZ op 14th"]
[Site "Vlissingen"]
[Date "2010.08.09"]
[Round "4"]
[White "Wittenberg, Andreas"]
[Black "Gawle, Ireneusz"]
[Result "1-0"]
[WhiteElo "2143"]
[BlackElo "1951"]
[PlyCount "73"]
[EventDate "2010.08.07"]
[EventType "swiss"]
[EventRounds "9"]
[EventCountry "NED"]
[SourceTitle "CBM 137 Extra"]
[Source "ChessBase"]
[SourceDate "2010.09.01"]
[SourceVersion "1"]
[SourceVersionDate "2010.09.01"]
[SourceQuality "1"]

1. d4 Nf6 2. Nf3 g6 3. g3 Bg7 4. Bg2 0-0 5. 0-0 d6 6. b3 c5 7. Bb2 Nc6 8. d5 Nb4 9. c4 Bf5 10. a3 Na6 11. Nfd2 Qc8 12. Re1 Rb8 13. Nc3 Nc7 14. e4 Bh3 15. Qe2 a6 16. a4 Bxg2 17. Kxg2 e5 18. a5 Nh5 19. Na4 Bh6 20. Nb6 Qd8 21. Bc3 Ne8 22. Nf1 Neg7 23. Ne3 f5 24. exf5 gxf5 25. f3 Qg5 26. Qf1 Rf7 27. Kh1 Rbf8 28. Ng2 Nf6 29. Ra2 Qh5 30. b4 Ne4 31. fxe4 fxe4 32. Qg1 Qh3 33. bxc5 Rf3 34. cxd6 Nh5 35. Bxe5 Bf4 36. Bxf4 R8xf4 37. Nxf4 1-0

[Event "Einhausen Ried op 5th"]
[Site "Einhausen"]
[Date "2010.05.02"]
[Round "6"]
[White "Gawle, Ireneusz"]
[Black "Domroese, Michael"]
[Result "1/2-1/2"]
[WhiteElo "1969"]
[BlackElo "1667"]
[PlyCount "43"]
[EventDate "2010.04.29"]
[EventType "swiss"]
[EventRounds "7"]
[EventCountry "GER"]
[SourceTitle "CBM 136 Extra"]
[Source "ChessBase"]
[SourceDate "2010.07.02"]
[SourceVersion "2"]
[SourceVersionDate "2010.07.15"]
[SourceQuality "1"]

1. e4 e6 2. d4 d5 3. e5 c5 4. c3 Qb6 5. Nf3 Bd7 6. Be2 Bb5 7. 0-0 Bxe2 8. Qxe2 Nc6 9. dxc5 Bxc5 10. b4 Be7 11. Na3 a6 12. Nc2 Rc8 13. Bd2 Nh6 14. Nfd4 Nf5 15. Nxf5 exf5 16. Be3 Qc7 17. f4 0-0 18. Nd4 Nxd4 19. Bxd4 Qc4 20. Qxc4 Rxc4 21. Rad1 Rfc8 22. g3 1/2-1/2

[Event "Einhausen Ried op 5th"]
[Site "Einhausen"]
[Date "2010.05.02"]
[Round "7"]
[White "Otto, Marco"]
[Black "Gawle, Ireneusz"]
[Result "1/2-1/2"]
[WhiteElo "1550"]
[BlackElo "1969"]
[PlyCount "58"]
[EventDate "2010.04.29"]
[EventType "swiss"]
[EventRounds "7"]
[EventCountry "GER"]
[SourceTitle "CBM 136 Extra"]
[Source "ChessBase"]
[SourceDate "2010.07.02"]
[SourceVersion "2"]
[SourceVersionDate "2010.07.15"]
[SourceQuality "1"]

1. d4 Nf6 2. c4 g6 3. Nc3 Bg7 4. e4 0-0 5. Nf3 d6 6. Be2 c5 7. 0-0 Bg4 8. Be3 Bxf3 9. Bxf3 cxd4 10. Bxd4 Nc6 11. Rc1 Nxd4 12. Qxd4 Qa5 13. Qe3 Nd7 14. Rfd1 Ne5 15. Be2 Nc6 16. f4 Rfd8 17. Bf3 Bxc3 18. Qxc3 Qxc3 19. Rxc3 e5 20. c5 dxc5 21. Rxc5 Rxd1+ 22. Bxd1 Rd8 23. Ba4 exf4 24. Bxc6 bxc6 25. Rc2 Rd4 26. Rxc6 Rd1+ 27. Kf2 Rd2+ 28. Kf3 Rxb2 29. Ra6 Rb7 1/2-1/2

[Event "Erbendorf op"]
[Site "Erbendorf"]
[Date "2009.06.12"]
[Round "4"]
[White "Birkholz, Olga"]
[Black "Gawle, Ireneusz"]
[Result "1-0"]
[WhiteElo "2139"]
[BlackElo "1962"]
[PlyCount "53"]
[EventDate "2009.06.11"]
[EventType "swiss"]
[EventRounds "7"]
[EventCountry "GER"]
[SourceTitle "CBM 130 Extra"]
[Source "ChessBase"]
[SourceDate "2009.07.02"]
[SourceVersion "2"]
[SourceVersionDate "2009.07.15"]
[SourceQuality "1"]

1. e4 e5 2. Bc4 Nf6 3. Qe2 Nc6 4. c3 Bc5 5. Nf3 d6 6. b4 Bb6 7. 0-0 0-0 8. a4 a5 9. b5 Ne7 10. d4 Bg4 11. dxe5 dxe5 12. h3 Bxf3 13. Qxf3 Bc5 14. Rd1 Qe8 15. Bg5 Nd7 16. Nd2 Nc8 17. Rac1 Kh8 18. Nb3 Nd6 19. Bd5 f5 20. exf5 Rxf5 21. Nxc5 Nxc5 22. Be3 Nd7 23. Qe2 Qe7 24. c4 Nf6 25. c5 Nxd5 26. Rxd5 Ne4 27. Qc2 1-0

[Event "Karlovy Vary op"]
[Site "Karlovy Vary"]
[Date "2009.05.02"]
[Round "5"]
[White "Gawle, Ireneusz"]
[Black "Bechynsky, Jan"]
[Result "1-0"]
[WhiteElo "1979"]
[BlackElo "1769"]
[PlyCount "37"]
[EventDate "2009.04.29"]
[EventType "swiss"]
[EventRounds "7"]
[EventCountry "CZE"]
[SourceTitle "CBM 130 Extra"]
[Source "ChessBase"]
[SourceDate "2009.07.02"]
[SourceVersion "2"]
[SourceVersionDate "2009.07.15"]
[SourceQuality "1"]

1. e4 e5 2. Nf3 Nc6 3. d4 exd4 4. Bc4 Bc5 5. c3 dxc3 6. Bxf7+ Kf8 7. Nxc3 Bxf2+ 8. Kxf2 Kxf7 9. Qb3+ Kg6 10. Qd5 Qf6 11. Bg5 Qe6 12. Nh4+ Kf7 13. Rhf1 Nf6 14. Bxf6 gxf6 15. Qh5+ Ke7 16. Ng6+ hxg6 17. Qxh8 b6 18. Nd5+ Kd6 19. Rad1 1-0

[Event "Karlovy Vary op"]
[Site "Karlovy Vary"]
[Date "2009.04.30"]
[Round "3"]
[White "Gawle, Ireneusz"]
[Black "Wiedermann, Jan"]
[Result "1-0"]
[WhiteElo "1979"]
[BlackElo "1742"]
[PlyCount "71"]
[EventDate "2009.04.29"]
[EventType "swiss"]
[EventRounds "7"]
[EventCountry "CZE"]
[SourceTitle "CBM 130 Extra"]
[Source "ChessBase"]
[SourceDate "2009.07.02"]
[SourceVersion "2"]
[SourceVersionDate "2009.07.15"]
[SourceQuality "1"]

1. e4 d5 2. exd5 Nf6 3. d4 Nxd5 4. c4 Nf6 5. Nf3 Bg4 6. h3 Bh5 7. Be2 Nbd7 8. Qb3 Qc8 9. Bf4 Nb6 10. Nc3 c6 11. a4 e6 12. 0-0 Be7 13. Rfe1 0-0 14. a5 Nbd7 15. g4 Bg6 16. Nd2 h6 17. Bf3 a6 18. c5 Re8 19. Nc4 Nd5 20. Bd6 Bf6 21. Na4 Bxd4 22. Bxd5 cxd5 23. Nab6 Qc6 24. Nxd7 Qxd7 25. Nb6 Qc6 26. Nxa8 Rxa8 27. Qb4 Bf6 28. Ra3 d4 29. Rb3 Be4 30. Rxe4 Qxe4 31. Qxb7 Qxb7 32. Rxb7 d3 33. Kf1 Bd4 34. c6 Rc8 35. Rb8 Rxb8 36. Bxb8 1-0

[Event "Karlovy Vary op"]
[Site "Karlovy Vary"]
[Date "2009.04.30"]
[Round "2"]
[White "Sejkora, Vlastimil"]
[Black "Gawle, Ireneusz"]
[Result "1-0"]
[WhiteElo "2227"]
[BlackElo "1979"]
[PlyCount "71"]
[EventDate "2009.04.29"]
[EventType "swiss"]
[EventRounds "7"]
[EventCountry "CZE"]
[SourceTitle "CBM 130 Extra"]
[Source "ChessBase"]
[SourceDate "2009.07.02"]
[SourceVersion "2"]
[SourceVersionDate "2009.07.15"]
[SourceQuality "1"]

1. e4 e5 2. Nf3 Nc6 3. Bb5 a6 4. Bxc6 dxc6 5. 0-0 Bg4 6. h3 h5 7. d3 Qf6 8. Nbd2 Ne7 9. Re1 Ng6 10. d4 Bd6 11. c3 0-0-0 12. hxg4 hxg4 13. Nh2 Rxh2 14. Qxg4+ Kb8 15. Nf3 Rh7 16. Bg5 Rdh8 17. g3 Qe6 18. Qxe6 fxe6 19. Kg2 Kc8 20. a3 exd4 21. cxd4 e5 22. Be3 Re8 23. Rad1 b6 24. Re2 Rhh8 25. Rc1 Kb7 26. dxe5 Nxe5 27. Nxe5 Bxe5 28. f4 Bf6 29. e5 Be7 30. Rec2 c5 31. b4 cxb4 32. Rxc7+ Kb8 33. Bxb6 bxa3 34. Ba7+ Ka8 35. Bf2 g5 36. Rb1 1-0

[Event "Karlovy Vary op"]
[Site "Karlovy Vary"]
[Date "2009.04.29"]
[Round "1"]
[White "Gawle, Ireneusz"]
[Black "Reich, Adam"]
[Result "1-0"]
[WhiteElo "1979"]
[BlackElo "1367"]
[PlyCount "67"]
[EventDate "2009.04.29"]
[EventType "swiss"]
[EventRounds "7"]
[EventCountry "CZE"]
[SourceTitle "CBM 130 Extra"]
[Source "ChessBase"]
[SourceDate "2009.07.02"]
[SourceVersion "2"]
[SourceVersionDate "2009.07.15"]
[SourceQuality "1"]

1. e4 e6 2. d4 d5 3. e5 c5 4. c3 Nc6 5. Nf3 cxd4 6. cxd4 Nge7 7. Na3 Qa5+ 8. Bd2 Qb6 9. Bc3 Ng6 10. h4 Bd7 11. h5 Nge7 12. g4 f6 13. Nb5 Ng8 14. a4 a6 15. Na3 fxe5 16. Nxe5 Nxe5 17. dxe5 Nh6 18. a5 Qc7 19. Bd3 Nf7 20. Qe2 Bc6 21. 0-0 Bc5 22. b4 Ba7 23. b5 d4 24. b6 Bxb6 25. axb6 Qxb6 26. Bd2 Qd8 27. Be4 Nxe5 28. Bxc6+ Nxc6 29. Qxe6+ Ne7 30. Nc4 Qc7 31. Nd6+ Kd8 32. Ba5 b6 33. Nf7+ Ke8 34. Bxb6 1-0